zpět

Detail výsledku týmu

Jak jinak pub, Třebíč

Datum a čas kvízu

23 Celkem bodů Celkový počet nahraných bodů na tomto kvízu bez doplňovacích otázek.
4. Pořadí na kvízu Konečné umístění týmu na tomto kvízu.

Zaznamenané odpovědi

# Otázka Odpověď Body Výsledky
1. Která česká herečka se objevuj... Libuše Šafránková 1
2. Propojte slavné české herce a... 1B 2C 3A 0
3. Které značky byla hasičská cis... Praga (Praga Grand) 0
4. Uveďte barvu saka, které má ve... růžovou 0
5. Přiřaďte tyto filmy k příslušn... 1D 2A 3B 4C 0
6. Divácky atraktivními bývají se... Anna Fialová, Vojtěch Vodochodský 0.5
7. Ve kterém českém seriálu jsou... Okresní přebor 1
8. V seriálu Hospoda si jedna z v... Bohoušek 0
9. Postavy z budoucnosti v českos... amarouny 1
10. Která povolání vykonávali rodi... C 1